Droit Administratif : La notion d'Acte Administratif Unilatéral - Statistiques

Statistiques générales
  • Ce quiz a été pris 63 fois
  • Le résultat moyen est 5 sur 19
Statistiques - réponses
Hint Réponse % Correct
Tous les actes de droit souples susceptibles d’avoir des effets notables à l’égard des tiers sont susceptibles de faire l’objet d’un Recours pour excès de pouvoir CE, 12 juin 2020, GISTI
54%
Les actes de droit souple émanent des autorités de régulation sont susceptibles de faire l’objet d’un Recours pour excès de pouvoir lorsqu’ils sont susceptibles d’avoir des effets notables CE, ass, 21 mars 2016 Fairvesta et Numéricable
54%
les circulaires impératives sont des actes administratifs susceptible de recours pour excès de pouvoir. 
(Revirement de 1954, Notre Dame du Kreiser) CE, sct, déc 2002, Duvignères
54%
La possibilité de former un REP contre un MOI dépend de la nature et de l’importance des effets de la mesure contestée CE Ass. 17 février 1995 Hardouin et Marie
46%
Décisions administratives insuceptibles de recours MOI : Mesure d’ordre intérieur
46%
Privilège d’être son propre titre exécutoire, sans devoir aller l’obtenir préalablement auprès d’un juge Privilège du préalable
46%
Document réalisé par un chef de service administratif à destination des agents placés sous son autorité qui contient des dispositions de portée générale dans le but de formuler des conseils, des recommandations, des directives sur l’organisation ou le fonctionnement des services Circulaire
32%
Les actes d’organisation du service public d’une personne privée gérant un SPIC relèvent du juge administratif TC,15 janvier 1968, Epoux Barbier
25%
Sont des MOI sucepitlbles de recours : Le changement d’affectation d’un détenu d’une maison centrale à une maison d’arrêtLe déclassement d’emploi Le placement d’un détenu sous le régime des rotations de sécurité CE, ass, 14 déc 2007, M. justice c/ Boussouar
21%
Acte Administratif Unilatéral comme règle fondamentale du droit public CE, ass, 1982, HUGLO
21%
Les lignes directrices sont susceptibles de faire l’objet d’un Recours pour excès de pouvoir CE, sct, dec 1970, Crédit Foncier de France
21%
Acte du gouvernement doivent se rattacher à l’un des objets que la loi a jugé nécessaire de confier au Gouvernement les pouvoirs généraux auxquels elle a virtuellement subordonné les droits particuliers des citoyens dans l’intérêt supérieur de l’État pour être un acte DE gouvernement CE, 19 février 1875, PRINCE NAPOLEON
18%
Toute manifestation de volonté destinée à produire des effets de droits (B. Plessix) Acte juridique de l’administration
14%
"moins qu’un ordre plus qu’un souhait 
"acte de référence au vu duquel sont adoptées des décisions individuelles qui, seules, produisent des effets de droit à l’égard des administrés Directives / Lignes directrices
14%
Définition des Acte Administratif Unilatéral décisoire / non décisoires Article L200-1 du CRPA
11%
Acte qui vise une ou des personnes spécifiées, nominativement désignés Acte administratif individuel
7%
Trois conditions : But de modifier ou d’orienter les comportements de leurs destinataires - ne créent pas par eux-mêmes de droits ou d’obligations - présente degré de formalisation et de structuration qui les apparente aux règles de droit Actes de droit souple
7%
Les personnes privées chargés d’un service public peuvent prendre des actes administratifs CE, ass, 1942, Montpeurt
7%
Les actes résultant de l’organisation du service public de la justice sont des actes administratifs TC, 27 novembre 1952 Préfet de Guyane
7%
Aucun quiz correspondant
Distribution des résultats
% des personnes avec chaque résultat
Percentile par nombre de réponses
Votre historique - résultats
Vous n’avez pas pris ce quiz